<?xml version="1.0" encoding="UTF-8"?>
<record
    xmlns:xsi="http://www.w3.org/2001/XMLSchema-instance"
    xsi:schemaLocation="http://www.loc.gov/MARC21/slim http://www.loc.gov/standards/marcxml/schema/MARC21slim.xsd"
    xmlns="http://www.loc.gov/MARC21/slim">

  <leader>00415nam a2200145Ia 4500</leader>
  <controlfield tag="008">230411s9999    xx            000 0 und d</controlfield>
  <datafield tag="020" ind1=" " ind2=" ">
    <subfield code="a">978-93-5270-678-5</subfield>
  </datafield>
  <datafield tag="041" ind1=" " ind2=" ">
    <subfield code="a">eng</subfield>
  </datafield>
  <datafield tag="082" ind1=" " ind2=" ">
    <subfield code="a">AN/610.73/DEV/B09557</subfield>
  </datafield>
  <datafield tag="100" ind1=" " ind2=" ">
    <subfield code="a">Jacob Annamma</subfield>
  </datafield>
  <datafield tag="245" ind1=" " ind2=" ">
    <subfield code="a">Comprehensive Textbook of Midwifery and Gynaecological Nursing </subfield>
  </datafield>
  <datafield tag="260" ind1=" " ind2=" ">
    <subfield code="b">Jaypee Brothers</subfield>
    <subfield code="a">New Delhi</subfield>
    <subfield code="c">2019</subfield>
  </datafield>
  <datafield tag="300" ind1=" " ind2=" ">
    <subfield code="a">468p</subfield>
  </datafield>
  <datafield tag="999" ind1=" " ind2=" ">
    <subfield code="c">158590</subfield>
    <subfield code="d">158590</subfield>
  </datafield>
  <datafield tag="952" ind1=" " ind2=" ">
    <subfield code="0">0</subfield>
    <subfield code="1">0</subfield>
    <subfield code="4">0</subfield>
    <subfield code="7">0</subfield>
    <subfield code="8">OG</subfield>
    <subfield code="a">BTIN</subfield>
    <subfield code="b">BTIN</subfield>
    <subfield code="d">2021-07-01</subfield>
    <subfield code="e">Patil Medical Book House</subfield>
    <subfield code="g">1250.00</subfield>
    <subfield code="i">10500</subfield>
    <subfield code="l">25</subfield>
    <subfield code="m">22</subfield>
    <subfield code="o">AN 610.73 DEV B09557</subfield>
    <subfield code="p">BTIN-BK-9557</subfield>
    <subfield code="q">2026-04-09</subfield>
    <subfield code="r">2026-01-30 06:12:13</subfield>
    <subfield code="s">2026-01-30</subfield>
    <subfield code="v">875.00</subfield>
    <subfield code="w">2021-07-01</subfield>
    <subfield code="y">BK</subfield>
    <subfield code="z">B09557</subfield>
  </datafield>
  <datafield tag="952" ind1=" " ind2=" ">
    <subfield code="0">0</subfield>
    <subfield code="1">0</subfield>
    <subfield code="4">0</subfield>
    <subfield code="7">0</subfield>
    <subfield code="8">OG</subfield>
    <subfield code="a">BTIN</subfield>
    <subfield code="b">BTIN</subfield>
    <subfield code="d">2021-07-01</subfield>
    <subfield code="e">Patil Medical Book House</subfield>
    <subfield code="g">1250.00</subfield>
    <subfield code="i">10500</subfield>
    <subfield code="l">31</subfield>
    <subfield code="m">22</subfield>
    <subfield code="o">AN 610.73 DEV B09560</subfield>
    <subfield code="p">BTIN-BK-9560</subfield>
    <subfield code="q">2026-04-09</subfield>
    <subfield code="r">2026-01-30 06:11:03</subfield>
    <subfield code="s">2026-01-30</subfield>
    <subfield code="v">875.00</subfield>
    <subfield code="w">2021-07-01</subfield>
    <subfield code="y">BK</subfield>
    <subfield code="z">B09560</subfield>
  </datafield>
</record>
